[Event "First Saturday 2009 oktober IM-B"]
[Site "Budapest"]
[Date "2009.10.08"]
[Round "6"]
[White "Lyell, Mark"]
[Black "Papp, Petra"]
[Result "0-1"]
[WhiteElo "2217"]
[BlackElo "2192"]
[PlyCount "120"]
[EventDate "2009.10.03"]

1. e4 c5 2. Nc3 d6 3. f4 g6 4. Nf3 Bg7 5. Bb5+ Bd7 6. Bc4 Nc6 7. O-O Na5 8. Be2
Nf6 9. Qe1 O-O 10. d3 Nc6 11. Be3 Ng4 12. Bd2 f5 13. Qg3 Nh6 14. Rae1 Rb8 15.
Nd1 b5 16. Qh4 Nd4 17. Nxd4 Bxd4+ 18. Kh1 Bg7 19. Bc3 e5 20. Qxd8 Rbxd8 21.
fxe5 b4 22. Bd2 dxe5 23. Be3 Rc8 24. b3 f4 25. Bf2 Nf7 26. Nb2 Nd6 27. Ra1 Nb5
28. Nc4 Be6 29. a3 bxa3 30. Nxa3 Nd4 31. Bxd4 cxd4 32. Nc4 Rc7 33. Ra5 Bxc4 34.
dxc4 Re8 35. Rfa1 Ree7 36. c5 Bf8 37. Bc4+ Kg7 38. Bd5 g5 39. b4 g4 40. Kg1 Kg6
41. Kf1 h5 42. Ra6+ Kg5 43. Ke2 Bg7 44. R1a3 h4 45. Rd6 Bf8 46. Rd8 Bh6 47. Ra6
Kh5 48. Rh8 Rh7 49. Rxh7 Rxh7 50. Re6 h3 51. gxh3 f3+ 52. Kf1 Bf4 53. hxg4+
Kxg4 54. Rg6+ Bg5 55. c6 Kf4 56. Kg1 f2+ 57. Kf1 Rxh2 58. Rxg5 Kxg5 59. c3 Kf4
60. Ke2 d3+ 0-1

[Event "First Saturday 2009 oktober IM-B"]
[Site "Budapest"]
[Date "2009.10.08"]
[Round "6"]
[White "Malinarski, Yehuda"]
[Black "Ferkingstad, Sjur"]
[Result "0-1"]
[WhiteElo "2098"]
[BlackElo "2292"]
[PlyCount "72"]
[EventDate "2009.10.03"]

1. e4 e6 2. d4 d5 3. Nd2 Nf6 4. e5 Nfd7 5. Bd3 c5 6. c3 Nc6 7. Ne2 cxd4 8. cxd4
f6 9. Nf4 Nxd4 10. Qh5+ Ke7 11. Ng6+ hxg6 12. exf6+ Nxf6 13. Qxh8 Kf7 14. Qh4
e5 15. Nf3 Nxf3+ 16. gxf3 Bf5 17. Bxf5 gxf5 18. Qg5 Ke6 19. O-O d4 20. Bd2 Qd5
21. Kg2 Bd6 22. Qg6 Rh8 23. Rfe1 e4 24. Bg5 Qe5 25. f4 Qd5 26. Qxg7 Rf8 27.
Rac1 d3 28. Rc7 d2 29. Bxf6 e3+ 30. Kg3 Bxf4+ 31. Kh4 Bg5+ 32. Bxg5 Qe4+ 33. f4
dxe1=Q+ 34. Kh5 Qd1+ 35. Kg6 Qd6 36. Kh7 Qxc7 0-1

[Event "First Saturday 2009 oktober IM-B"]
[Site "Budapest"]
[Date "2009.10.08"]
[Round "6"]
[White "Nguyen, Thi Mai Hung"]
[Black "Boguszlavszkij, Jevgenyij"]
[Result "1-0"]
[WhiteElo "2213"]
[BlackElo "2256"]
[PlyCount "81"]
[EventDate "2009.10.03"]

1. d4 d5 2. c4 e6 3. Nc3 Nf6 4. Bg5 Be7 5. Nf3 Nbd7 6. e3 O-O 7. Bd3 c6 8. O-O
dxc4 9. Bxc4 Nd5 10. Bxe7 Qxe7 11. Nxd5 exd5 12. Bd3 Re8 13. Qc2 Nf8 14. Rab1
a5 15. a3 Bg4 16. Ne5 Bh5 17. b4 axb4 18. axb4 f6 19. Nf3 Bxf3 20. gxf3 Rac8
21. b5 g6 22. bxc6 bxc6 23. Rfc1 f5 24. f4 Qh4 25. Qd1 Nd7 26. Rb7 Nf6 27. Qf3
Ne4 28. Qg2 Re7 29. Rb6 Ra7 30. Ba6 Rca8 31. Rcxc6 Rg7 32. Kf1 Qe7 33. f3 g5
34. fxe4 gxf4 35. Qf3 Qg5 36. exf5 Qg1+ 37. Ke2 Qxh2+ 38. Kd3 Qa2 39. Qxf4 Re8
40. f6 Rf7 41. Rb8 1-0

[Event "First Saturday 2009 oktober IM-B"]
[Site "Budapest"]
[Date "2009.10.09"]
[Round "7"]
[White "Boguszlavszkij, Jevgenyij"]
[Black "Farago, Sandor"]
[Result "1/2-1/2"]
[WhiteElo "2256"]
[BlackElo "2236"]
[PlyCount "32"]
[EventDate "2009.10.03"]

1. e4 c6 2. d4 d5 3. exd5 cxd5 4. Bd3 Nc6 5. Nf3 Bg4 6. Be3 Nf6 7. c3 a6 8.
Nbd2 e5 9. dxe5 Nxe5 10. Be2 Nxf3+ 11. Bxf3 Bxf3 12. Qxf3 Be7 13. O-O O-O 14.
Rad1 Qa5 15. a3 Qb5 16. Rb1 Rfd8 1/2-1/2

[Event "First Saturday 2009 oktober IM-B"]
[Site "Budapest"]
[Date "2009.10.09"]
[Round "7"]
[White "Ferkingstad, Sjur"]
[Black "Nguyen, Thi Mai Hung"]
[Result "1-0"]
[WhiteElo "2292"]
[BlackElo "2213"]
[PlyCount "143"]
[EventDate "2009.10.03"]

1. e4 c5 2. Nc3 d6 3. f4 Nc6 4. Nf3 g6 5. Bb5 Bg7 6. Bxc6+ bxc6 7. O-O Nh6 8.
d3 Rb8 9. Qe1 O-O 10. b3 d5 11. e5 Nf5 12. Na4 c4 13. d4 cxb3 14. axb3 Re8 15.
Bd2 Rb5 16. Nc5 Qc7 17. b4 Bf8 18. c3 a5 19. Rxa5 Rxa5 20. bxa5 Qxa5 21. Qa1
Qxa1 22. Rxa1 Ng7 23. Ra7 Ne6 24. Nd3 Rd8 25. Be3 Rd7 26. Ra5 f6 27. Nd2 Rc7
28. Nb3 Kf7 29. Kf2 h5 30. g3 Bg7 31. Nb4 Bf8 32. Nc5 Ke8 33. Ncd3 Kf7 34. Ra8
Bb7 35. Ra7 Ke8 36. Bc1 Kd7 37. Ba3 Kc8 38. Nc2 Kb8 39. Ra5 Bc8 40. Nc5 fxe5
41. dxe5 Ra7 42. Rxa7 Kxa7 43. Nxe6 Bxe6 44. Nd4 Bd7 45. e6 Be8 46. Bc5+ Kb7
47. h3 Kc7 48. g4 hxg4 49. hxg4 Kd8 50. g5 Bg7 51. Ke2 Bf8 52. Kd2 Bg7 53. Kc2
Bf8 54. Kb3 Kc7 55. Ka4 Kc8 56. Ka5 Kb7 57. Nb3 Bg7 58. Kb4 Bf8 59. Bd4 c5+ 60.
Nxc5+ Kc8 61. Be5 Bc6 62. Nb3 d4 63. Nxd4 Be4 64. Kc5 Kb7 65. c4 Bg2 66. Kb5
Bf1 67. Nb3 Bh3 68. Nc5+ Kc8 69. Nd7 Bxe6 70. Nxf8 Bf5 71. Kc5 Be4 72. Ne6 1-0

[Event "First Saturday 2009 oktober IM-B"]
[Site "Budapest"]
[Date "2009.10.09"]
[Round "7"]
[White "Papp, Petra"]
[Black "Malinarski, Yehuda"]
[Result "1-0"]
[WhiteElo "2192"]
[BlackElo "2098"]
[PlyCount "79"]
[EventDate "2009.10.03"]

1. e4 c5 2. Nf3 e6 3. d4 cxd4 4. Nxd4 Nf6 5. Nc3 d6 6. Be3 Be7 7. g4 h6 8. Qe2
Nc6 9. O-O-O Qc7 10. Rg1 a6 11. f4 Nxd4 12. Bxd4 e5 13. Be3 exf4 14. Bxf4 Be6
15. Kb1 g5 16. Be3 Nd7 17. Nd5 Bxd5 18. exd5 Ne5 19. Qf2 Qd7 20. Bd4 O-O-O 21.
Bd3 Kb8 22. Bf5 Qb5 23. Rg3 Ka8 24. Bb6 Nc4 25. Rb3 Qa4 26. Bxd8 Bxd8 27. Qd4
Re8 28. a3 Ba5 29. Rb4 Nxa3+ 30. bxa3 Bxb4 31. Qxb4 Qxb4+ 32. axb4 Re2 33. h3
Ka7 34. Kb2 b5 35. Rd3 Kb6 36. Rc3 Kb7 37. Rc6 Rh2 38. Rxd6 Rxh3 39. Rd7+ Kb6
40. Rxf7 1-0

[Event "First Saturday 2009 oktober IM-B"]
[Site "Budapest"]
[Date "2009.10.09"]
[Round "7"]
[White "Turzo, Attila"]
[Black "Lyell, Mark"]
[Result "1-0"]
[WhiteElo "2314"]
[BlackElo "2217"]
[PlyCount "87"]
[EventDate "2009.10.03"]

1. d4 d5 2. Bg5 c5 3. Nc3 Nc6 4. e3 cxd4 5. exd4 Qb6 6. Bb5 e6 7. Nf3 Bb4 8.
Bd3 Bd7 9. O-O Nxd4 10. Nxd4 Qxd4 11. Be3 Qh4 12. Nb5 Bxb5 13. Bxb5+ Ke7 14. g3
Qf6 15. Qg4 Qxb2 16. Rab1 Nf6 17. Qxb4+ Qxb4 18. Rxb4 Rhc8 19. c4 a6 20. Ba4
Rc7 21. c5 Nd7 22. Bf4 e5 23. Bxd7 exf4 24. Bh3 fxg3 25. fxg3 Rb8 26. Rc1 Rd8
27. Rcb1 Rxc5 28. Rxb7+ Kf6 29. Rf1+ Ke5 30. Rfxf7 Rc1+ 31. Bf1 d4 32. Rbe7+
Kd5 33. Rxg7 d3 34. Rd7+ Rxd7 35. Rxd7+ Ke4 36. Rxd3 Rxf1+ 37. Kxf1 Kxd3 38. a4
a5 39. Kf2 Ke4 40. g4 Kd4 41. Kf3 Ke5 42. h4 Kf6 43. Ke4 Ke6 44. Kd4 1-0

[Event "First Saturday 2009 oktober IM-B"]
[Site "Budapest"]
[Date "2009.10.09"]
[Round "7"]
[White "Kislik, Erik Andrew"]
[Black "Szalanczy, Emil"]
[Result "1-0"]
[WhiteElo "2339"]
[BlackElo "2354"]
[PlyCount "120"]
[EventDate "2009.10.03"]

1. e4 c5 2. Nf3 d6 3. d4 cxd4 4. Nxd4 Nf6 5. Nc3 g6 6. Be3 Bg7 7. f3 Nc6 8. Qd2
O-O 9. O-O-O d5 10. exd5 Nxd5 11. Nxc6 bxc6 12. Bd4 e5 13. Bc5 Be6 14. Ne4 Re8
15. h4 h6 16. g4 a5 17. g5 h5 18. Bc4 Nf4 19. Qc3 Bd5 20. Rh2 Qd7 21. Bf1 Qe6
22. a4 Red8 23. Rhd2 Rd7 24. b3 Qf5 25. Qe3 Rc7 26. Ng3 Qc8 27. c4 Be6 28. Rd8+
Qxd8 29. Rxd8+ Rxd8 30. Bb6 Rcd7 31. Bxd8 Rxd8 32. Ne4 Bf5 33. Qb6 Ne6 34. Qxa5
Rb8 35. Qc3 Bxe4 36. fxe4 Nc5 37. b4 Nxa4 38. Qa3 Ra8 39. c5 Bf8 40. Qf3 Nxc5
41. bxc5 Ra4 42. Bd3 Bxc5 43. Kb2 Bd4+ 44. Kb3 Ra7 45. Qf6 Rb7+ 46. Kc4 Rb2 47.
Qxc6 Rh2 48. Kb4 Rb2+ 49. Ka4 Rf2 50. Bc4 Kg7 51. Bb3 Rf4 52. Qd5 Rf3 53. Kb4
Kf8 54. Kb5 Kg7 55. Kc6 Bc3 56. Kd7 Rf4 57. Ke8 Bd4 58. Qd7 Bc5 59. Bxf7 Kh8
60. Qe6 Bf8 1-0

[Event "First Saturday 2009 oktober IM-B"]
[Site "Budapest"]
[Date "2009.10.10"]
[Round "8"]
[White "Farago, Sandor"]
[Black "Szalanczy, Emil"]
[Result "0-1"]
[WhiteElo "2236"]
[BlackElo "2354"]
[PlyCount "82"]
[EventDate "2009.10.03"]

1. e4 c5 2. Nf3 d6 3. c3 Nf6 4. Bd3 g6 5. Bc2 e5 6. d4 exd4 7. cxd4 Bg7 8. Nc3
O-O 9. dxc5 dxc5 10. Qxd8 Rxd8 11. Bg5 h6 12. Bh4 g5 13. Bg3 Nc6 14. O-O Be6
15. Rfe1 g4 16. Nh4 Nb4 17. Bb1 Nh5 18. e5 Rd2 19. Be4 Rad8 20. a3 Nc2 21. Bxc2
Rxc2 22. Rab1 b6 23. f4 gxf3 24. gxf3 Rd3 25. Rbd1 c4 26. Ne4 Rxb2 27. f4 Bg4
28. Rc1 b5 29. a4 a6 30. axb5 axb5 31. Nf2 Nxg3 32. Nxg4 Ne2+ 33. Rxe2 Rxe2 34.
Nf5 h5 35. Nf6+ Bxf6 36. exf6 Kh7 37. Ng3 Rxg3+ 38. hxg3 Kg6 39. Rb1 c3 40. Kf1
Rb2 41. Rc1 b4 0-1

[Event "First Saturday 2009 oktober IM-B"]
[Site "Budapest"]
[Date "2009.10.10"]
[Round "8"]
[White "Lyell, Mark"]
[Black "Kislik, Erik Andrew"]
[Result "1/2-1/2"]
[WhiteElo "2217"]
[BlackElo "2339"]
[PlyCount "154"]
[EventDate "2009.10.03"]

1. e4 e5 2. f4 exf4 3. Nf3 g5 4. h4 g4 5. Ne5 Nf6 6. Bc4 d5 7. exd5 Bd6 8. d4
Qe7 9. Nc3 Bxe5 10. dxe5 Qxe5+ 11. Qe2 Qxe2+ 12. Bxe2 c6 13. dxc6 f3 14. gxf3
Nxc6 15. Bg5 Nh5 16. O-O-O h6 17. fxg4 Ng3 18. Bf6 Rg8 19. Bf3 Bxg4 20. Rhe1+
Kf8 21. Bxc6 bxc6 22. Be7+ Kg7 23. Rg1 Bxd1 24. Rxg3+ Kh7 25. Rxg8 Rxg8 26.
Kxd1 Kg6 27. Kd2 Kf5 28. Nd1 Rg2+ 29. Kd3 Rh2 30. Ne3+ Ke6 31. Bd8 f6 32. Bxf6
Rh3 33. Bd8 Kd7 34. Bf6 Ke6 35. Bd4 Rxh4 36. Bxa7 Ra4 37. Bb8 Rb4 38. Bg3 Rxb2
39. a3 Ra2 40. Nc4 Ra1 41. Kd4 Rg1 42. Bf4 h5 43. Kc5 h4 44. a4 Rg4 45. Bc7 Rg7
46. Be5 h3 47. a5 Rg5 48. a6 h2 49. a7 h1=Q 50. a8=Q Qd5+ 51. Kb6 Qxc4 52. Qe8+
Kf5 53. Bc7 Qb5+ 54. Ka7 Qc5+ 55. Kb7 Qb4+ 56. Ka7 Qd4+ 57. Kb7 Qb4+ 58. Ka7
Qb5 59. Qf7+ Kg4 60. Qf4+ Kh5 61. Qf7+ Rg6 62. Qh7+ Kg5 63. Bd8+ Kg4 64. Qd7+
Kf3 65. Qd1+ Kg2 66. Qd2+ Kh3 67. Qd3+ Qxd3 68. cxd3 Kg4 69. Kb6 Kf4 70. Kc5
Ke3 71. d4 Ke4 72. Bc7 Rh6 73. Bd6 Rg6 74. Bc7 Rf6 75. Bd6 Re6 76. Bc7 Rh6 77.
Bd6 Rf6 {after 53 move} 1/2-1/2

[Event "First Saturday 2009 oktober IM-B"]
[Site "Budapest"]
[Date "2009.10.10"]
[Round "8"]
[White "Malinarski, Yehuda"]
[Black "Turzo, Attila"]
[Result "0-1"]
[WhiteElo "2098"]
[BlackElo "2314"]
[PlyCount "150"]
[EventDate "2009.10.03"]

1. e4 d5 2. exd5 Qxd5 3. Nf3 Bg4 4. Be2 Nf6 5. Nc3 Qd8 6. h3 Bxf3 7. Bxf3 c6 8.
O-O e6 9. d4 Be7 10. Ne4 Nbd7 11. Bf4 Nxe4 12. Bxe4 O-O 13. Re1 Qb6 14. c3 Nf6
15. Be5 Rfe8 16. Qc2 g6 17. a4 Qd8 18. Bf3 Nd7 19. Bg3 Bf6 20. b4 Rc8 21. Rad1
Bg7 22. a5 Nf6 23. Be5 Nd5 24. Bxg7 Kxg7 25. Qb3 Qd6 26. g3 Red8 27. Re2 Rd7
28. Rde1 Ne7 29. Re5 b6 30. axb6 axb6 31. Ra1 c5 32. bxc5 bxc5 33. Ree1 cxd4
34. cxd4 Qb8 35. Qe3 Nd5 36. Qe5+ Kg8 37. Bxd5 Rxd5 38. Qf6 Rcd8 39. Re4 Rf5
40. Qe7 Rc8 41. Re2 Qb6 42. Qa7 Rc1+ 43. Kh2 Qb5 44. Rd2 Qf1 45. Rxc1 Qxc1 46.
Qb8+ Kg7 47. Qb2 Qxb2 48. Rxb2 h5 49. f4 h4 50. Kg2 Kf6 51. Rb7 Rd5 52. g4 Rxd4
53. g5+ Kf5 54. Rxf7+ Ke4 55. Rf6 Rd2+ 56. Kf1 Kf3 57. Ke1 Re2+ 58. Kf1 Re4 59.
Rxg6 Kxf4 60. Kf2 e5 61. Rg8 Ra4 62. g6 Ra2+ 63. Ke1 Ke3 64. Kf1 Rf2+ 65. Ke1
Rh2 66. Kd1 Rxh3 67. Re8 Rh1+ 68. Kc2 Rg1 69. Rxe5+ Kf4 70. Rh5 Rg4 71. Kd3 Kg3
72. Ke3 h3 73. Rf5 h2 74. Rf3+ Kg2 75. Rf2+ Kg1 0-1

[Event "First Saturday 2009 oktober IM-B"]
[Site "Budapest"]
[Date "2009.10.10"]
[Round "8"]
[White "Boguszlavszkij, Jevgenyij"]
[Black "Ferkingstad, Sjur"]
[Result "0-1"]
[WhiteElo "2256"]
[BlackElo "2292"]
[PlyCount "162"]
[EventDate "2009.10.03"]

1. d4 f5 2. e4 fxe4 3. Nc3 Nf6 4. Bg5 Nc6 5. d5 Ne5 6. Qd4 Nf7 7. h4 e5 8. dxe6
dxe6 9. Qxd8+ Nxd8 10. O-O-O Bd7 11. Nb5 Bxb5 12. Bxb5+ c6 13. Bc4 Bc5 14. Nh3
Nd5 15. Rhe1 O-O 16. Rxe4 Bxf2 17. Nxf2 Rxf2 18. Bxd8 Rxd8 19. Rxe6 Kf7 20. Re2
Rxe2 21. Bxe2 Ke7 22. Bf3 Rd6 23. Rd4 Nf6 24. Ra4 a6 25. c3 Nd7 26. Re4+ Re6
27. Rb4 b5 28. Bg4 Re5 29. Rf4 Nc5 30. Kc2 Ne6 31. Rf5 Re4 32. Bf3 Rxh4 33. b4
Rc4 34. Kb3 g6 35. Re5 Kd6 36. Re3 Nf4 37. Re8 Nd5 38. Rd8+ Ke6 39. Bxd5+ cxd5
40. Ra8 Rc6 41. Rd8 h5 42. Kc2 Rd6 43. Re8+ Kf5 44. Kd3 Kf4 45. Kd4 g5 46. Kc5
Rf6 47. Kxd5 h4 48. c4 bxc4 49. Kxc4 Kg3 50. Re2 Rf2 51. Rxf2 Kxf2 52. a4 Kxg2
53. b5 axb5+ 54. axb5 h3 55. b6 h2 56. b7 h1=Q 57. b8=Q Qf1+ 58. Kd5 Qf7+ 59.
Kc5 g4 60. Qe5 g3 61. Kd6 Qf3 62. Kc7 Kg1 63. Qe1+ Kh2 64. Qe5 Qf2 65. Qh8+ Kg1
66. Qa1+ Qf1 67. Qd4+ Kh2 68. Qh8+ Qh3 69. Qe5 Qh7+ 70. Kb8 Qg8+ 71. Kc7 Qc4+
72. Kb8 Qb3+ 73. Kc7 Qd3 74. Qh8+ Kg2 75. Qb2+ Kf3 76. Qf6+ Ke3 77. Qg5+ Kd4
78. Qf6+ Kc4 79. Qc6+ Kb3 80. Qb7+ Ka2 81. Qa8+ Kb2 0-1

[Event "First Saturday 2009 oktober IM-B"]
[Site "Budapest"]
[Date "2009.10.11"]
[Round "9"]
[White "Ferkingstad, Sjur"]
[Black "Farago, Sandor"]
[Result "0-1"]
[WhiteElo "2292"]
[BlackElo "2236"]
[PlyCount "98"]
[EventDate "2009.10.03"]

1. e4 c5 2. Nc3 Nc6 3. f4 e6 4. Nf3 a6 5. Be2 d5 6. d3 Nf6 7. O-O b5 8. e5 Nd7
9. Qe1 b4 10. Nd1 Qc7 11. Ne3 Nd4 12. Bd1 Nb6 13. c3 bxc3 14. bxc3 Nc6 15. Bd2
Bd7 16. Rb1 Be7 17. Qg3 g6 18. Ng4 Qd8 19. Nf6+ Bxf6 20. exf6 Nc8 21. Ne5 Nd6
22. Nxd7 Qxd7 23. Ba4 O-O 24. Rb6 Rfc8 25. Qf2 Nb5 26. Qh4 Qd8 27. Rb7 Nd6 28.
Rb2 Nf5 29. Qf2 Qxf6 30. g4 Nfe7 31. Qxc5 Ne5 32. fxe5 Qxf1+ 33. Kxf1 Rxc5 34.
Rb7 Ra5 35. Bb3 Nc6 36. c4 dxc4 37. Bxc4 Rxe5 38. Bc3 Na5 39. Bxa6 Nxb7 40.
Bxb7 Rea5 41. h4 Rxa2 42. Bxa8 Rxa8 43. Ke2 Ra4 44. d4 Ra3 45. Be1 f5 46. gxf5
exf5 47. Bb4 Rb3 48. Be7 Kf7 49. Bg5 Ke6 0-1

[Event "First Saturday 2009 oktober IM-B"]
[Site "Budapest"]
[Date "2009.10.11"]
[Round "9"]
[White "Papp, Petra"]
[Black "Boguszlavszkij, Jevgenyij"]
[Result "1/2-1/2"]
[WhiteElo "2192"]
[BlackElo "2256"]
[PlyCount "83"]
[EventDate "2009.10.03"]

1. e4 d5 2. exd5 Nf6 3. d4 Bg4 4. f3 Bf5 5. Bd3 Qxd5 6. Bxf5 Qxf5 7. Ne2 Nc6 8.
c3 e5 9. dxe5 Nxe5 10. O-O Bc5+ 11. Nd4 O-O 12. Be3 Qh5 13. Nd2 Nd5 14. Bf2 Nd3
15. Ne4 Nxf2 16. Rxf2 Bb6 17. Kh1 Rad8 18. Rd2 c6 19. Ng3 Qg5 20. Ne4 Qg6 21.
Qe1 f5 22. Ng3 Rde8 23. Qf2 Bc7 24. Rdd1 Bf4 25. Re1 Be3 26. Qc2 Bxd4 27. cxd4
f4 28. Ne4 Rd8 29. Qb3 Kh8 30. Nc5 Ne3 31. Rxe3 fxe3 32. Ne6 e2 33. Nxf8 Rxf8
34. Re1 Re8 35. Kg1 Qd6 36. Qd3 Qe7 37. g3 Qe6 38. a3 h6 39. Kg2 Kg8 40. g4 Kf7
41. Kf2 Qd6 42. Kg2 1/2-1/2

[Event "First Saturday 2009 oktober IM-B"]
[Site "Budapest"]
[Date "2009.10.11"]
[Round "9"]
[White "Kislik, Erik Andrew"]
[Black "Malinarski, Yehuda"]
[Result "1/2-1/2"]
[WhiteElo "2339"]
[BlackElo "2098"]
[PlyCount "100"]
[EventDate "2009.10.03"]

1. e4 c5 2. Nf3 d6 3. d4 cxd4 4. Nxd4 Nf6 5. Nc3 g6 6. Be3 Bg7 7. f3 Nc6 8. Qd2
O-O 9. O-O-O d5 10. exd5 Nxd5 11. Nxc6 bxc6 12. Bd4 e5 13. Bc5 Be6 14. Ne4 Re8
15. h4 h6 16. g4 Qc7 17. g5 h5 18. Bc4 Red8 19. Qe1 Rab8 20. Bb3 Kh8 21. Rh2
Bf5 22. Rhd2 Kh7 23. Kb1 a5 24. Ka1 a4 25. Bxa4 Qa5 26. Bb3 Bxe4 27. fxe4 Qxc5
28. exd5 e4 29. c4 Rxb3 30. axb3 e3 31. Rc2 Qa3+ 32. Kb1 Qxb3 33. Qa5 Rb8 34.
Qa2 e2 35. Re1 Qd3 36. dxc6 Bxb2 37. Qxb2 Qd1+ 38. Rc1 Rxb2+ 39. Kxb2 Qd2+ 40.
Kb3 Qd6 41. Kc3 Qxc6 42. Rxe2 Qf3+ 43. Kd2 Qf4+ 44. Kd1 Qf1+ 45. Kd2 Qf4+ 46.
Re3 Qxh4 47. c5 Qd4+ 48. Ke2 Qb2+ 49. Kd1 Qd4+ 50. Ke2 Qb2+ 1/2-1/2

[Event "First Saturday 2009 oktober IM-B"]
[Site "Budapest"]
[Date "2009.10.11"]
[Round "9"]
[White "Szalanczy, Emil"]
[Black "Lyell, Mark"]
[Result "0-1"]
[WhiteElo "2354"]
[BlackElo "2217"]
[PlyCount "110"]
[EventDate "2009.10.03"]

1. e4 e5 2. Nf3 Nc6 3. Bb5 f5 4. Nc3 fxe4 5. Nxe4 Nf6 6. Qe2 d5 7. Nxf6+ gxf6
8. d4 Bg7 9. dxe5 O-O 10. e6 Ne5 11. Be3 c6 12. Bd3 Bxe6 13. O-O-O Qc8 14. Nd4
Bd7 15. g4 Bxg4 16. f3 Bd7 17. b4 a5 18. Rhg1 Kh8 19. Rg3 axb4 20. Rdg1 Rf7 21.
Qg2 Nxd3+ 22. cxd3 Qf8 23. Nb3 Bf5 24. Bc5 Bh6+ 25. Kb2 Qe8 26. Bxb4 Bxd3 27.
Bc3 Qe2+ 28. Qxe2 Bxe2 29. a4 Bf4 30. Rg4 Be5 31. Nd4 Bd3 32. f4 Bd6 33. R1g3
Be4 34. Ne6 Bf5 35. Rg7 Rxg7 36. Nxg7 Bxf4 37. Nxf5 Bxg3 38. hxg3 Rxa4 39. Kb3
Ra8 40. Bxf6+ Kg8 41. Nh6+ Kf8 42. g4 c5 43. g5 b5 44. Ng4 Kf7 45. Bb2 d4 46.
Kc2 Kg6 47. Nf6 h5 48. Ne4 h4 49. Bc1 h3 50. Kd3 h2 51. Ng3 Ra1 52. Kc2 Rxc1+
53. Kxc1 Kxg5 54. Kd2 Kg4 55. Nh1 Kf3 0-1